| 000 | 00659nam a22002297a 4500 | ||
|---|---|---|---|
| 003 | UA-OsUOA | ||
| 001 | 31599 | ||
| 007 | ta | ||
| 008 | 20041224b un ||||| |||| 00| 0 ukr d | ||
| 090 |
_a94(4)"0375/1492" _bК53 |
||
| 942 | _cBK | ||
| 040 |
_aUA-OsUOA _bukr _cUA-OsUOA _dUA-OsUOA |
||
| 245 |
_aКнига для читання з історії середніх віків _cУпоряд. Є. С.Литвак |
||
| 300 |
_a184 с. _bІлюстрації |
||
| 955 | _a0 | ||
| 041 | _aukr | ||
| 080 | _a94(4)"0375/1492" | ||
| 260 |
_aКиїв _bРадянська школа _c1971 |
||
| 044 | _aUA | ||
| 650 | 7 | _2UDC | |
| 999 |
_c318028 _d318028 |
||